000 00849nam a22002057a 4500
005 20251108165445.0
008 250721s9999 xx 000 0 ara d
082 1 4 _aم/216.1/تيم
100 1 _aإبن تيميه، تقي الدين أبو العباس أحمد بن عبد الحكيم بن عبد
245 1 0 _aمجموعة فتاوى شيخ الإسلام أحمد بن تيميه /
264 1 _aالقاهره :
_bمكتبة ابن تيميه للطباعه و النشر و التوزيع،
_c[19-].
300 _a37ج
650 1 7 _aالإسلام
650 1 7 _aالفقه الإسلامي
650 1 7 _aأصول الدين الإسلامي
700 1 _aالنجدي، عبد الرحمن بن محمد بن قاسم العاصي
_eجمع و ترتيب
700 1 _aمساعدة، محمد
942 _2ddc
_cREF
999 _c28372
_d28372